Statistics for Pokemon Galar Dex Quiz

Click here to take the quiz!

General Stats

  • This quiz has been taken 33 times
    (32 since last reset)
  • The average score is 259 of 400

Answer Stats

#AnswerType% Correct
6CinderaceFire
94%
23CorviknightFlying/Steel
94%
22CorvisquireFlying
94%
1GrookeyGrass
94%
9InteleonWater
94%
32LinooneDark/Normal
94%
33ObstagoonDark/Normal
94%
3RillaboomGrass
94%
21RookideeFlying
94%
4ScorbunnyFire
94%
7SobbleWater
94%
2ThwackeyGrass
94%
31ZigzagoonDark/Normal
94%
10BlipbugBug
89%
15ButterfreeBug/Flying
89%
17CharjabugBug/Electric
89%
11DottlerBug/Psychic
89%
16GrubbinBug
89%
29NickitDark
89%
5RabootFire
89%
18VikavoltBug/Electric
89%
207AppletunGrass/Dragon
83%
205ApplinGrass/Dragon
83%
13CaterpieBug
83%
42ChewtleWater
83%
43DrednawWater/Rock
83%
8DrizzileWater
83%
206FlappleGrass/Dragon
83%
240GrimmsnarlDark/Fairy
83%
64JoltikBug/Electric
83%
37LombreWater/Grass
83%
36LotadWater/Grass
83%
38LudicoloWater/Grass
83%
14MetapodBug
83%
365Mr. MimeIce/Psychic
83%
366Mr. RimeIce/Psychic
83%
12OrbeetleBug/Psychic
83%
193PichuElectric
83%
194PikachuElectric
83%
195RaichuElectric
83%
30ThievulDark
83%
68VulpixFire
83%
71ArcanineFire
78%
58BellossomGrass
78%
380CharizardFire/Flying
78%
378CharmanderFire
78%
379CharmeleonFire
78%
376DracovishWater/Dragon
78%
196EeveeNormal
78%
200EspeonPsychic
78%
199FlareonFire
78%
350FrosmothIce/Bug
78%
65GalvantulaBug/Electric
78%
203GlaceonIce
78%
56GloomGrass/Poison
78%
25GreedentNormal
78%
70GrowlitheFire
78%
243HatterenePsychic/Fairy
78%
109HitmonchanFighting
78%
108HitmonleeFighting
78%
110HitmontopFighting
78%
238ImpidimpDark/Fairy
78%
198JolteonElectric
78%
361LaprasWater/Ice
78%
202LeafeonGrass
78%
364Mime Jr.Psychic/Fairy
78%
239MorgremDark/Fairy
78%
344MorpekoElectric/Dark
78%
69NinetalesFire
78%
40NuzleafGrass/Dark
78%
55OddishGrass/Poison
78%
333PonytaPsychic
78%
334RapidashPsychic/Fairy
78%
39SeedotGrass
78%
41ShiftryGrass/Dark
78%
24SkwovetNormal
78%
349SnomIce/Bug
78%
96SnoverGrass/Ice
78%
204SylveonFairy
78%
310ToxelElectric/Poison
78%
311ToxtricityElectric/Poison
78%
201UmbreonDark
78%
197VaporeonWater
78%
57VileplumeGrass/Poison
78%
327YamaskGround/Ghost
78%
46YamperElectric
78%
398ZacianFairy/Steel
78%
399ZamazentaFighting/Steel
78%
97AbomasnowGrass/Ice
72%
324AxewDragon
72%
95BewearNormal/Fighting
72%
47BoltundElectric
72%
282BraviaryNormal/Flying
72%
59BudewGrass/Poison
72%
163CoalossalRock/Fire
72%
309CramorantFlying/Water
72%
237CursolaGhost
72%
386DeinoDark/Dragon
72%
374DracozoltElectric/Dragon
72%
397DragapultDragon/Ghost
72%
346DrampaNormal/Dragon
72%
286DrapionPoison/Dark
72%
395DreepyDragon/Ghost
72%
189FerroseedGrass/Steel
72%
190FerrothornGrass/Steel
72%
325FraxureDragon
72%
81FroslassIce/Ghost
72%
141GastlyGhost/Poison
72%
143GengarGhost/Poison
72%
80GlalieIce
72%
146GoldeenWater
72%
241HatennaPsychic
72%
142HaunterGhost/Poison
72%
326HaxorusDragon
72%
319HelioliskElectric/Normal
72%
318HelioptileElectric/Normal
72%
388HydreigonDark/Dragon
72%
288LampentGhost/Fire
72%
287LitwickGhost/Fire
72%
140MachampFighting
72%
139MachokeFighting
72%
138MachopFighting
72%
63PelipperWater/Flying
72%
26PidoveNormal/Flying
72%
191PumpkabooGhost/Grass
72%
60RoseliaGrass/Poison
72%
61RoseradeGrass/Poison
72%
244SalanditPoison/Fire
72%
245SalazzlePoison/Fire
72%
147SeakingWater
72%
131SkuntankPoison/Dark
72%
261SnorlaxNormal
72%
79SnoruntIce
72%
130StunkyPoison/Dark
72%
27TranquillNormal/Flying
72%
339TrevenantGhost/Grass
72%
107TyrogueFighting
72%
28UnfezantNormal/Flying
72%
62WingullWater/Flying
72%
34WoolooNormal
72%
387ZweilousDark/Dragon
72%
276AccelgorBug
67%
215AraquanidWater/Bug
67%
377ArctovishWater/Ice
67%
375ArctozoltElectric/Ice
67%
213AromatisseFairy
67%
180ArrokudaWater
67%
181BarraskewdaWater
67%
169BoldoreRock
67%
162CarkolRock/Fire
67%
289ChandelureGhost/Fire
67%
256ClefableFairy
67%
255ClefairyFairy
67%
254CleffaFairy
67%
303CopperajahSteel
67%
236CorsolaGhost
67%
222CroagunkPoison/Fighting
67%
187CutieflyBug/Fairy
67%
368DarmanitanIce
67%
367DarumakaIce
67%
214DewpiderWater/Bug
67%
331DoubladeSteel/Ghost
67%
396DrakloakDragon/Ghost
67%
125DrifblimGhost/Flying
67%
124DrifloonGhost/Flying
67%
35DubwoolNormal
67%
271DuosionPsychic
67%
371DuraludonSteel/Dragon
67%
136DusclopsGhost
67%
137DusknoirGhost
67%
135DuskullGhost
67%
274EscavalierBug/Steel
67%
345FalinksFighting
67%
123GalladePsychic/Fighting
67%
122GardevoirPsychic/Fairy
67%
170GigalithRock
67%
192GourgeistGhost/Grass
67%
145GyaradosWater/Flying
67%
393Hakamo-oDragon/Fighting
67%
242HattremPsychic
67%
330HonedgeSteel/Ghost
67%
392Jangmo-oDragon
67%
273KarrablastBug
67%
121KirliaPsychic/Fairy
67%
250KoffingPoison
67%
394Kommo-oDragon/Fighting
67%
299LucarioFighting/Steel
67%
144MagikarpWater
67%
284MandibuzzDark/Flying
67%
295MawileSteel/Fairy
67%
182MeowthSteel
67%
260MunchlaxNormal
67%
104NincadaBug/Ground
67%
105NinjaskBug/Flying
67%
176NoibatFlying/Dragon
67%
177NoivernFlying/Dragon
67%
178OnixRock/Ground
67%
338PhantumpGhost/Grass
67%
120RaltsPsychic/Fairy
67%
272ReuniclusPsychic
67%
188RibombeeBug/Fairy
67%
298RioluFighting
67%
168RoggenrolaRock
67%
161RolycolyRock
67%
372RotomElectric/Ghost
67%
281RuffletNormal/Flying
67%
328RunerigusGround/Ghost
67%
294SableyeDark/Ghost
67%
313SandacondaGround
67%
106ShedinjaBug/Ghost
67%
275ShelmetBug
67%
297SigilyphPsychic/Flying
67%
312SilicobraGround
67%
285SkorupiPoison/Bug
67%
292SneaselDark/Ice
67%
270SolosisPsychic
67%
179SteelixSteel/Ground
67%
94StuffulNormal/Fighting
67%
226StunfiskGround/Steel
67%
223ToxicroakPoison/Fighting
67%
283VullabyDark/Flying
67%
293WeavileDark/Ice
67%
251WeezingPoison/Fairy
67%
332AegislashSteel/Ghost
61%
186AlcremieFairy
61%
228BarboachWater/Ground
61%
48BunnelbyNormal
61%
160CentiskorchFire/Bug
61%
220ChinchouWater/Electric
61%
351ClobbopusFighting
61%
329CofagrigusGhost
61%
262CottoneeGrass/Fairy
61%
302CufantSteel
61%
49DiggersbyNormal/Ground
61%
370EiscueIce
61%
218Farfetch'dFighting
61%
323FlygonGround/Dragon
61%
305FrillishWater/Ghost
61%
231GastrodonWater/Ground
61%
391GoodraDragon
61%
389GoomyDragon
61%
267GothitaPsychic
61%
269GothitellePsychic
61%
268GothoritaPsychic
61%
352GrapploctFighting
61%
337IndeedeePsychic/Normal
61%
290InkayDark/Psychic
61%
306JellicentWater/Ghost
61%
99KinglerWater
61%
98KrabbyWater
61%
221LanturnWater/Electric
61%
383LarvitarRock/Ground
61%
291MalamarDark/Psychic
61%
77MamoswineIce/Ground
61%
355MantineWater/Flying
61%
354MantykeWater/Flying
61%
185MilceryFairy
61%
84MudbrayGround
61%
85MudsdaleGround
61%
111PanchamFighting
61%
183PerrserkerSteel
61%
76PiloswineIce/Ground
61%
336PolteageistGhost
61%
384PupitarRock/Ground
61%
101QuagsireWater/Ground
61%
266RhyperiorGround/Rock
61%
225ScraftyDark/Fighting
61%
224ScraggyDark/Fighting
61%
230ShellosWater
61%
335SinisteaGhost
61%
219Sirfetch'dFighting
61%
159SizzlipedeFire/Bug
61%
390SliggooDragon
61%
75SwinubIce/Ground
61%
210SwirlixFairy
61%
175SwoobatPsychic/Flying
61%
259TogekissFairy/Flying
61%
257TogepiFairy
61%
258TogeticFairy/Flying
61%
321TrapinchGround
61%
347TurtonatorFire/Dragon
61%
385TyranitarRock/Dark
61%
322VibravaGround/Dragon
61%
356WailmerWater
61%
357WailordWater
61%
263WhimsicottGrass/Fairy
61%
229WhiscashWater/Ground
61%
174WoobatPsychic/Flying
61%
100WooperWater/Ground
61%
82BaltoyGround/Psychic
56%
280BearticIce
56%
247BisharpDark/Steel
56%
252BonslyRock
56%
119BronzongSteel/Psychic
56%
118BronzorSteel/Psychic
56%
83ClaydolGround/Psychic
56%
151CloysterWater/Ice
56%
102CorphishWater
56%
103CrawdauntWater/Dark
56%
279CubchooIce
56%
78DelibirdIce/Flying
56%
360DhelmiseGhost/Grass
56%
166DrilburGround
56%
66ElectrikeElectirc
56%
167ExcadrillGround/Steel
56%
158GarbodorPoison
56%
88GolettGround/Ghost
56%
89GolurkGround/Ghost
56%
320HawluchaFighting/Flying
56%
19HoothootNormal/Flying
56%
114KlangSteel
56%
113KlinkSteel
56%
115KlinklangSteel
56%
45LiepardDark
56%
301MimikyuGhost/Fairy
56%
340MorelullGrass/Fairy
56%
20NoctowlNormal/Flying
56%
149OctilleryWater
56%
133PalpitoadWater/Ground
56%
112PangoroFighting/Dark
56%
246PawniardDark/Steel
56%
184PersianNormal
56%
44PurrloinDark
56%
304QwilfishWater/Poison
56%
148RemoraidWater
56%
265RhydonGround/Rock
56%
264RhyhornGround/Rock
56%
150ShellderWater
56%
341ShiinoticGrass/Fairy
56%
211SlurpuffFairy
56%
253SudowoodoRock
56%
157TrubbishPoison
56%
132TympoleWater
56%
73VanillishIce
56%
72VanilliteIce
56%
74VanilluxeIce
56%
235BarbaracleRock/Water
50%
234BinacleRock/Water
50%
173ConkeldurrFighting
50%
87CrustleBug/Rock
50%
164DiglettGround
50%
165DugtrioGround
50%
86DwebbleBug/Rock
50%
127EldegossGrass
50%
152FeebasWater
50%
126GossifleurGrass
50%
172GurdurrFighting
50%
317HeatmorFire
50%
362LunatoneRock/Psychic
50%
67ManectricElectric
50%
307MareaniePoison/Water
50%
153MiloticWater
50%
92NatuPsychic/Flying
50%
353PincurchinElectric
50%
134SeismitoadWater/Ground
50%
363SolrockRock/Psychic
50%
369StonjournerRock
50%
171TimburrFighting
50%
348TogedemaruElectric/Steel
50%
308ToxapexPoison/Water
50%
93XatuPsychic/Flying
50%
359AvaluggIce
44%
358BergmiteIce
44%
52BounsweetGrass
44%
116CombeeBug/Flying
44%
208EspurrPsychic
44%
233GolisopodBug/Water
44%
209MeowsticPsychic
44%
342OranguruNormal/Psychic
44%
343PassimianFighting
44%
249SawkFighting
44%
227ShuckleBug/Rock
44%
248ThrohFighting
44%
300TorkoalFire
44%
117VespiquenBug/Flying
44%
232WimpodBug/Water
44%
217WobbuffetPsychic
44%
216WynautPsychic
44%
278BeheeyemPsychic
39%
129CherrimGrass
39%
128CherubiGrass
39%
51CinccinoNormall
39%
277ElgyemPsychic
39%
314HippopotasGround
39%
315HippowdonGround
39%
50MinccinoNormal
39%
90MunnaPsychic
39%
91MusharnaPsychic
39%
53SteeneeGrass
39%
54TsareenaGrass
39%
373DittoNormal
33%
296MaractusGrass
33%
156PyukumukuWater
33%
155WishiwashiWater
33%
154BasculinWater
28%
382SilvallyNormal
28%
381Type: NullNormal
28%
400EternutasPoison/Dragon
11%
212SprtizeeFairy
11%
316DurnatBug/Steel
6%

Score Distribution

Percentile by Number Answered

Percent of People with Each Score

Your Score History

You have not taken this quiz since the last reset